Statistics for Artists who reached #1 in the USA that starts with T

Click here to take the quiz!

General Stats

  • This quiz has been taken 32 times
  • The average score is 10 of 31

Answer Stats

#SongArtist% Correct
4Whatever You LikeT.I.
90%
1AfricaToto
80%
5SexyBackJustin Timberlake
77%
2Everybody Wants to Rule the WorldTears for Fears
70%
1Total Eclipse of the HeartBonnie Tyler
70%
4No ScrubsTLC
63%
1You've Got a FriendJames Taylor
53%
1Disco LadyJohnnie Taylor
50%
2I Think We're Alone NowTiffany
47%
1You're the One That I WantJohn Travolta
47%
1Happy TogetherThe Turtles
47%
2Raindrops Keep Fallin' on My HeadB. J. Thomas
47%
1SmoothRob Thomas
47%
1All About That BassMeghan Trainor
43%
1GoldenEyeTina Turner
40%
2Give It to MeTimbaland
23%
1Love Is All AroundThe Troggs
20%
4Treat Her Like a LadyThe Temptations
20%
35 O'ClockT-Pain
13%
1The Lion Sleeps TonightThe Tokens
10%
1Lean BackTerror Squad
10%
1One More TryTimmy T
7%
1Po PimpTwista
3%
1After the Fire Is GoneConway Twitty
3%
1Boogie Oogie OogieA Taste of Honey
3%
1TelstarThe Tornados
3%
1So Much in LoveThe Tymes
3%
1California LoveRoger Troutman
0%
1MagicRobin Thicke
0%
1Deep PurpleNino Tempo
0%
1To Know Him Is to Love HimThe Teddy Bears
0%

Score Distribution

Percentile by Number Answered

Percent of People with Each Score

Your Score History

You have not taken this quiz